[Event "AUTO-OPEN-4627"]
[Site "http://www.queenalice.com/game.php?id=1866253"]
[Date "2025.11.28"]
[Round "1"]
[White "rmvwoods"]
[Black "SAMOEL"]
[Result "1-0"]
[WhiteElo "2036"]
[BlackElo "2067"]

1. e4 e5 2. Nf3 Bc5 3. Nxe5 Nc6 4. Nxc6 dxc6 5. d3 Nf6 6. Be2 O-O 7. Bg5 h6 8.
Bh4 Qd4 9. c3 Qd6 10. O-O Nh7 11. Nd2 Qg6 12. Bh5 Qe6 13. d4 Be7 14. Bg3 Ng5 15.
Re1 b5 16. Bxc7 Bb7 17. Bg4 Qf6 18. Be5 Qg6 19. Bf5 Nh3+ 20. Bxh3 f6 21. Be6+
Kh8 22. Bg3 Rae8 23. Bf5 Qf7 24. Qg4 Bc8 25. Bxc8 Rxc8 26. Nf3 h5 27. Qf5 g6 28.
Qh3 g5 29. Qf5 Qg7 30. h4 Qh6 31. hxg5 fxg5 32. Be5+ Kg8 33. Qd7 Bf6 34. Qe6+
Kg7 35. Bxf6+ Qxf6 36. Qxf6+ Rxf6 37. Nxg5 Kg6 38. e5 Rf5 39. Nh3 Kf7 40. Rad1
Rg8 41. b3 Rf3 42. Re3 Rf5 43. c4 Rb8 44. d5 Rd8 45. d6 Ke6 46. f4 h4 47. Ng5+
Kd7 48. Re4 b4 49. e6+ Kc8 50. d7+ Kc7 51. Nf7 Rg8 52. Nh6 Rxg2+ 53. Kxg2 Rh5
54. d8=Q+ Kb7 55. Rd7+ Ka6 56. Qc8+ Ka5 57. Qc7+ Ka6 58. Qxa7# 1-0

[Event "AUTO-OPEN-4627"]
[Site "http://www.queenalice.com/game.php?id=1866279"]
[Date "2025.11.28"]
[Round "1"]
[White "maurice916"]
[Black "SAMOEL"]
[Result "0-1"]
[WhiteElo "1906"]
[BlackElo "2058"]

1. Nf3 Nc6 2. b3 d5 3. Bb2 Nf6 4. e3 e6 5. Bb5 Bd7 6. O-O a6 7. Be2 Bd6 8. d4
Ne4 9. c4 b6 10. Nbd2 f5 11. a3 Qf6 12. b4 Qh6 13. g3 O-O 14. Nh4 g5 15. Nhf3 f4
16. c5 bxc5 17. bxc5 Be7 18. Nxe4 dxe4 19. Ne5 Nxe5 20. dxe5 f3 21. Bxf3 exf3
22. Qxd7 Qh3 23. Qxe7 Qg2# 0-1

[Event "AUTO-OPEN-4627"]
[Site "http://www.queenalice.com/game.php?id=1866280"]
[Date "2025.11.28"]
[Round "1"]
[White "SAMOEL"]
[Black "maurice916"]
[Result "0-1"]
[WhiteElo "2068"]
[BlackElo "1996"]

1. e4 c6 2. Bc4 d5 3. exd5 cxd5 4. Bb3 Nf6 5. Nf3 Bg4 6. h3 Bh5 7. d4 e6 8. Qd3
Be7 9. O-O Bg6 10. Qb5+ Qd7 11. Qa5 Nc6 12. Qd2 Rc8 13. Ba4 a6 14. Bxc6 Qxc6 15.
c3 O-O 16. Qf4 Nh5 17. Qg4 f5 18. Ne5 fxg4 19. Nxc6 bxc6 20. hxg4 Nf4 21. Na3
Ne2+ 22. Kh1 Nxc1 23. Raxc1 c5 24. dxc5 Bxc5 25. f3 Rfe8 26. b4 Bd6 27. Kg1 Be5
28. c4 Bb2 0-1

[Event "AUTO-OPEN-4627"]
[Site "http://www.queenalice.com/game.php?id=1866297"]
[Date "2025.11.28"]
[Round "1"]
[White "SAMOEL"]
[Black "Jomaley"]
[Result "1-0"]
[WhiteElo "2054"]
[BlackElo "1415"]

1. e4 e5 2. Bc4 g6 3. Nf3 Qf6 4. O-O c6 5. d4 d6 6. Bg5 Qg7 7. dxe5 Be7 8. Bxe7
Kxe7 9. Qxd6+ Ke8 10. Rd1 Nd7 11. e6 fxe6 12. Ng5 Qf6 13. Nxe6 Qxb2 14. Nd2 1-0

[Event "AUTO-OPEN-4627"]
[Site "http://www.queenalice.com/game.php?id=1866298"]
[Date "2025.11.28"]
[Round "1"]
[White "Jomaley"]
[Black "SAMOEL"]
[Result "0-1"]
[WhiteElo "1413"]
[BlackElo "2056"]

1. Nc3 e5 2. e4 Bc5 3. Nh3 Nf6 4. d3 d6 5. Bg5 h6 6. Bxf6 Qxf6 7. Qe2 Bb4 8. f3
Bxh3 9. gxh3 Qh4+ 10. Kd1 Nc6 11. a3 Ba5 12. b4 Bb6 13. Nd5 Nd4 14. Qd2 Nxf3 0-1

[Event "AUTO-MASTER-3296"]
[Site "http://www.queenalice.com/game.php?id=1869250"]
[Date "2026.2.15"]
[Round "1"]
[White "SAMOEL"]
[Black "princesher"]
[Result "1-0"]
[WhiteElo "2057"]
[BlackElo "2006"]

1. e4 e5 2. Nf3 d6 3. Bc4 Bg4 4. h3 Bxf3 5. Qxf3 Qe7 6. O-O c6 7. Nc3 b5 8. Bb3
h6 9. Ne2 g6 10. d4 Bg7 11. Nc3 Nd7 12. d5 b4 13. Ne2 c5 14. a3 bxa3 15. Rxa3
Ngf6 16. Nc3 a6 17. Ba4 O-O 18. Bc6 Ra7 19. Qg3 Nb6 20. Qh4 g5 21. Qg3 Nh7 22.
Qd3 c4 23. Qe3 Qc7 24. Qg3 f5 25. exf5 Rxf5 26. Qg4 Rf6 27. Ne4 Rf8 28. Qe6+ Kh8
29. Qxd6 Qxd6 30. Nxd6 Bf6 31. Be3 Rb8 32. Nb5 Rg7 33. Nd6 Nc8 34. Nf5 Rg6 35.
Rxa6 Rxb2 36. Ra8 Rg8 37. Nxh6 Rf8 38. Bc5 Be7 39. Rxc8 Rxc8 40. Bxe7 Kg7 41.
Nf5+ Kh8 42. Bd6 Rxc2 43. Bxe5+ Nf6 44. Bxf6+ Kh7 45. Nd4 Ra2 46. Bxg5 c3 47.
Rc1 Ra3 48. Nb5 Ra5 49. Nxc3 Kg6 50. Be3 Kf6 51. Re1 Ra3 52. Nb5 Rd3 53. Bd4+
Kg5 54. Be3+ Kf6 55. Nd4 Kg6 56. Bd7 Rcc3 57. Bf5+ Kf6 58. Bxd3 Rxd3 59. Re2 Ke5
60. Nf3+ Kxd5 61. Rd2 Rxd2 62. Nxd2 Ke5 63. h4 Kf5 64. h5 Kf6 65. h6 Kg6 66. g4
Kh7 67. g5 Kg6 68. f4 Kh7 69. f5 Kg8 70. g6 Kf8 71. Bd4 Kg8 72. h7+ Kf8 73.
h8=Q+ Ke7 74. g7 Kd6 75. g8=Q Kc6 76. Qe5 Kd7 77. Qf6 Kc7 78. Qgg7+ Kc8 79.
Qff8# 1-0

[Event "AUTO-MASTER-3296"]
[Site "http://www.queenalice.com/game.php?id=1869252"]
[Date "2026.2.15"]
[Round "1"]
[White "SAMOEL"]
[Black "mvson33"]
[Result "1-0"]
[WhiteElo "2094"]
[BlackElo "1824"]

1. e4 c5 2. Nf3 Nc6 3. Bc4 d6 4. Ng5 e6 5. d3 Nf6 6. O-O Be7 7. f4 O-O 8. Nc3
Bd7 9. Qf3 Rc8 10. Qg3 h6 11. Nf3 a6 12. e5 Nh7 13. a4 dxe5 14. fxe5 Nd4 15. Ne4
Nxf3+ 16. Rxf3 Ng5 17. Nxg5 Bxg5 18. Qg4 Bxc1 19. Rxc1 Qg5 20. Qxg5 hxg5 21. Rg3
Bc6 22. Rxg5 Rcd8 23. Re1 g6 24. Re3 Kg7 25. Reg3 Bd7 26. h4 Rh8 27. h5 Kh6 28.
hxg6 Kg7 29. gxf7+ Kxf7 30. Rf3+ Ke7 31. Rg7+ Ke8 32. Rff7 Bc6 33. Bxe6 Rd4 34.
Rc7 Rd8 35. Rge7+ Kf8 36. Rf7+ Ke8 37. Rce7# 1-0

[Event "AUTO-MASTER-3296"]
[Site "http://www.queenalice.com/game.php?id=1869253"]
[Date "2026.2.15"]
[Round "1"]
[White "mvson33"]
[Black "SAMOEL"]
[Result "0-1"]
[WhiteElo "1775"]
[BlackElo "2077"]

1. e4 e5 2. Nf3 Bc5 3. Bc4 d6 4. O-O Nf6 5. Nc3 O-O 6. d3 h6 7. a3 a5 8. Bd2 c6
9. Qe2 b5 10. Ba2 Bb7 11. Rad1 b4 12. Na4 Ba7 13. axb4 axb4 14. Bxb4 c5 15. Bd2
Qd7 16. Nc3 Nc6 17. Bb3 Na5 18. Ba2 Nc6 19. Bc4 Na5 20. Ba2 Bb6 21. Bb3 Nxb3 22.
cxb3 Qe6 23. Rb1 Qxb3 24. Rfc1 Ba6 25. h3 Qe6 26. b4 Nd7 27. bxc5 Bxc5 28. Nd5
Nf6 29. Nc7 Qc8 30. Nxa8 Qxa8 31. Ra1 Qb7 32. Rcb1 Qc6 33. Be3 Nxe4 34. Bxc5
Nxc5 35. Qd2 Bxd3 36. Rd1 e4 37. Nd4 Qd5 38. Nc2 Nb3 39. Qc3 Nxa1 40. Rxa1 Qe6
41. Ne3 d5 42. Ra5 Rd8 43. Qb2 Qc6 44. Ra7 Qc5 45. Qb7 Qc1+ 46. Kh2 Rf8 47. Qxd5
Qe1 48. Kg3 Qb4 49. Qb7 Qd6+ 50. f4 g5 51. Qc7 gxf4+ 0-1

[Event "AUTO-MASTER-3296"]
[Site "http://www.queenalice.com/game.php?id=1869254"]
[Date "2026.2.15"]
[Round "1"]
[White "SAMOEL"]
[Black "chessman"]
[Result "0-1"]
[WhiteElo "2077"]
[BlackElo "1988"]

1. e4 e6 2. Nf3 d5 3. e5 c5 4. b4 cxb4 5. a3 bxa3 6. d4 Nc6 7. c3 Rb8 8. Bxa3
Bxa3 9. Nxa3 a6 10. Bd3 Nge7 11. O-O Ng6 12. Rb1 Qa5 13. Qc1 O-O 14. Ra1 Qc7 15.
Qg5 Bd7 16. Nh4 Qd8 17. Nf3 h6 18. Qg3 Nce7 19. h3 Rc8 20. Rac1 Qa5 21. Nb1 Bb5
22. Bxb5 Qxb5 23. h4 Nf5 24. Qg4 Qd3 25. Rfd1 Qe4 26. Qh3 Nfxh4 27. Nbd2 Nxf3+
28. Nxf3 Nf4 29. Qh2 Ne2+ 30. Kh1 Nxc1 31. Rxc1 b5 32. Qg3 Qg6 33. Qh3 Qd3 34.
Qg4 Rxc3 35. Re1 Rfc8 36. Kh2 a5 37. Re3 Qd1 38. Re1 Qb3 39. Nd2 Qc2 40. Nf3
Qxf2 41. Rg1 Rxf3 42. Qxf3 Qxf3 43. gxf3 b4 44. Ra1 Ra8 45. Kg2 a4 46. Kf2 a3
47. Ke2 b3 48. Kd2 a2 49. Kc3 Ra4 50. Kxb3 Rxd4 51. Kxa2 Ra4+ 52. Kb2 Rxa1 53.
Kxa1 g5 54. Kb2 Kf8 55. Kc3 h5 56. Kd3 h4 57. Ke3 Kg7 58. f4 f6 59. fxg5 fxg5
60. Kf3 h3 61. Kg3 g4 62. Kxg4 h2 63. Kg3 h1=Q 64. Kf4 Qh4+ 65. Ke3 Kg6 66. Kd3
Kf5 0-1

[Event "AUTO-MASTER-3296"]
[Site "http://www.queenalice.com/game.php?id=1869255"]
[Date "2026.2.15"]
[Round "1"]
[White "chessman"]
[Black "SAMOEL"]
[Result "1-0"]
[WhiteElo "2012"]
[BlackElo "2079"]

1. e4 e5 2. Nf3 Bc5 3. Bc4 Nf6 4. d3 h6 5. O-O O-O 6. Nxe5 Nc6 7. Nxc6 dxc6 8.
c3 b5 9. Bb3 Ng4 10. d4 Bb6 11. h3 Nf6 12. Re1 Bb7 13. e5 Nd5 14. Nd2 Qh4 15.
Ne4 Bc8 16. Qf3 Be6 17. Ng3 a5 18. Be3 a4 19. Bc2 Nxe3 20. Qxe3 g6 21. Ne4 Rae8
22. Nf6+ Kg7 23. Nxe8+ Rxe8 24. Be4 Bd5 25. Bxd5 cxd5 26. Qg3 Qe7 27. Re2 b4 28.
Rae1 bxc3 29. Qxc3 Qh4 30. a3 Ra8 31. Rd1 Ba5 32. Qe3 c6 33. e6 Re8 34. e7 Bc7
35. Rde1 Ba5 36. Rc1 Qf6 37. Qe5 Qxe5 38. Rxe5 Bd2 39. Rxc6 Bg5 40. Rc7 f6 41.
Rxd5 Kf7 42. Ra5 f5 43. Rxa4 Bxe7 44. Raa7 Kf6 45. Rxe7 Rxe7 46. Rxe7 Kxe7 47.
Kf1 Kd6 48. Ke2 Kd5 49. Kd3 g5 50. b4 h5 51. a4 h4 52. a5 Kc6 53. a6 Kb6 54. b5
Kxb5 55. a7 1-0

[Event "AUTO-OPEN-4627"]
[Site "http://www.queenalice.com/game.php?id=1869463"]
[Date "2026.2.18"]
[Round "2"]
[White "SAMOEL"]
[Black "maurice916"]
[Result "1-0"]
[WhiteElo "2050"]
[BlackElo "1846"]

1. e4 c6 2. Nf3 Nf6 3. Bc4 e6 4. e5 Nd5 5. d4 Be7 6. Nc3 Na6 7. O-O O-O 8. Ne4
b5 9. Bb3 Qc7 10. c3 Bb7 11. Nfg5 h6 12. Qh5 hxg5 13. Bxg5 Bxg5 14. Nxg5 Nf6 15.
exf6 gxf6 16. Qh7# 1-0

[Event "AUTO-OPEN-4627"]
[Site "http://www.queenalice.com/game.php?id=1869464"]
[Date "2026.2.18"]
[Round "2"]
[White "maurice916"]
[Black "SAMOEL"]
[Result "0-1"]
[WhiteElo "1850"]
[BlackElo "2058"]

1. Nf3 d5 2. b3 e6 3. Bb2 Nf6 4. e3 Bd6 5. Be2 O-O 6. O-O c5 7. c4 Nc6 8. d4 Ne4
9. cxd5 exd5 10. Nbd2 f5 11. dxc5 Bxc5 12. Nd4 Qg5 13. N2f3 Qg6 14. Kh1 f4 15.
Nc2 fxe3 16. fxe3 Be6 17. Ne5 Nxe5 18. Bxe5 Nf2+ 19. Rxf2 Rxf2 20. Bf3 Rxc2 21.
e4 Rf2 22. Bg3 Rb2 23. Qc1 Bd4 24. Rb1 dxe4 25. Rxb2 exf3 26. Rc2 fxg2+ 27. Kxg2
Qe4+ 28. Kf1 Bh3+ 0-1

[Event "AUTO-OPEN-4627"]
[Site "http://www.queenalice.com/game.php?id=1869465"]
[Date "2026.2.18"]
[Round "2"]
[White "SAMOEL"]
[Black "chessman"]
[Result "0-1"]
[WhiteElo "2099"]
[BlackElo "1954"]

1. e4 e6 2. Nf3 d5 3. e5 c5 4. b4 cxb4 5. a3 bxa3 6. d4 Nc6 7. c3 h6 8. Bd3 Be7
9. O-O Bd7 10. Bxa3 Bxa3 11. Nxa3 Nge7 12. h4 Ng6 13. g3 O-O 14. Qc2 a6 15. Bxg6
fxg6 16. Qxg6 Rxf3 17. Nc2 Rxc3 18. Ne3 Nxd4 19. Ng4 Be8 20. Qb1 Bb5 21. Rd1
Ne2+ 22. Kg2 Rac8 23. Qg6 Be8 24. Qxe6+ Bf7 25. Qf5 R3c6 26. Qf3 Nc3 27. Re1 Ne4
28. Rad1 Qe7 29. Qf5 Be6 30. Qg6 Bxg4 31. Qxg4 Qxe5 32. f3 Qb2+ 33. Kg1 Qf2+ 34.
Kh1 Nxg3+ 35. Qxg3 Qxg3 36. Rg1 Qh3# 0-1

[Event "AUTO-OPEN-4627"]
[Site "http://www.queenalice.com/game.php?id=1869466"]
[Date "2026.2.18"]
[Round "2"]
[White "chessman"]
[Black "SAMOEL"]
[Result "0-1"]
[WhiteElo "2018"]
[BlackElo "2080"]

1. e4 e5 2. Nf3 Bc5 3. Bc4 Nf6 4. d3 h6 5. Nxe5 O-O 6. Nf3 c6 7. O-O b5 8. Bb3
a5 9. a3 d6 10. d4 Bb6 11. Re1 Bg4 12. c3 Re8 13. Bc2 Ba7 14. Nbd2 Nbd7 15. Nf1
c5 16. e5 dxe5 17. dxe5 Bxf3 18. Qxf3 Nxe5 19. Qg3 Ng6 20. Rxe8+ Qxe8 21. Qf3
Ne5 22. Qf5 Ng6 23. Bxh6 Rd8 24. Bg5 Rd5 0-1

[Event "AUTO-OPEN-4608"]
[Site "http://www.queenalice.com/game.php?id=1870630"]
[Date "2026.3.17"]
[Round "2"]
[White "SAMOEL"]
[Black "WoodpusherKid"]
[Result "0-1"]
[WhiteElo "2081"]
[BlackElo "2691"]

1. e4 e5 2. Nf3 Nc6 3. Bc4 Nf6 4. Ng5 d5 5. exd5 Na5 6. Bb5+ c6 7. dxc6 bxc6 8.
Be2 h6 9. Nf3 e4 10. Ne5 Bc5 11. O-O O-O 12. a3 Qd4 13. Ng4 Nxg4 14. Bxg4 f5 15.
Bh5 Ba6 16. c3 Qd8 17. Re1 Bc4 18. b4 Bxf2+ 19. Kxf2 Nb3 20. Kg1 Nxa1 21. Qa4
Qh4 22. Qd1 Bd3 23. g3 Qg5 24. Kg2 f4 25. Bg4 f3+ 26. Bxf3 exf3+ 27. Kf2 Nc2 28.
Re6 Qh5 29. Qh1 Rfe8 30. Rxe8+ Rxe8 31. c4 Re2+ 32. Kg1 Re1+ 33. Kf2 Rxh1 0-1

[Event "AUTO-OPEN-4608"]
[Site "http://www.queenalice.com/game.php?id=1870631"]
[Date "2026.3.17"]
[Round "2"]
[White "WoodpusherKid"]
[Black "SAMOEL"]
[Result "1-0"]
[WhiteElo "2695"]
[BlackElo "2079"]

1. e4 e5 2. Nf3 Bc5 3. Nxe5 Nc6 4. Nxc6 dxc6 5. c3 Nf6 6. d4 Bb6 7. e5 Nd5 8.
Bc4 Be6 9. Nd2 Nf4 10. O-O Qg5 11. Qf3 Qf5 12. Bxe6 fxe6 13. g4 Qf7 14. Ne4 O-O
15. Bxf4 Qxf4 16. Qxf4 Rxf4 17. f3 Raf8 18. a4 a5 19. Kg2 Ba7 20. Kg3 h6 21.
Nf6+ R4xf6 22. exf6 Rxf6 23. Rfe1 c5 24. Re5 cxd4 25. Rxa5 Bb6 26. Ra8+ Kh7 27.
a5 Bc5 28. Rb8 dxc3 29. bxc3 b6 30. a6 c6 31. a7 Bd6+ 32. Kg2 Rf4 33. a8=Q Rc4
34. Rh8+ Kg6 35. Qe8+ Kf6 36. Rf8+ Bxf8 37. Qxf8+ Kg6 38. Ra7 Rxc3 39. Qxg7# 1-0

[Event "AUTO-OPEN-4608"]
[Site "http://www.queenalice.com/game.php?id=1870632"]
[Date "2026.3.17"]
[Round "2"]
[White "SAMOEL"]
[Black "IranSilva"]
[Result "1-0"]
[WhiteElo "2060"]
[BlackElo "1908"]

1. e4 e5 2. Nf3 Nf6 3. Bc4 Nxe4 4. Nc3 Nxc3 5. dxc3 Be7 6. Nxe5 O-O 7. O-O d6 8.
Nf3 Bg4 9. Qd3 Nc6 10. Nd4 Nxd4 11. cxd4 Bf6 12. Qe4 Bc8 13. Bd3 g6 14. Qf3 1-0

[Event "AUTO-OPEN-4608"]
[Site "http://www.queenalice.com/game.php?id=1870633"]
[Date "2026.3.17"]
[Round "2"]
[White "IranSilva"]
[Black "SAMOEL"]
[Result "0-1"]
[WhiteElo "1898"]
[BlackElo "2070"]

1. d4 d5 2. c4 dxc4 3. e3 Be6 4. Nc3 g6 5. Nf3 Bh6 6. Qa4+ c6 7. Qb4 b5 8. a4
Nf6 9. axb5 cxb5 10. Qxb5+ Nbd7 11. Bxc4 O-O 12. Bxe6 fxe6 13. Qc4 Qb6 0-1